000 00429pab a2200157 454500
008 180718b2017 xxu||||| |||| 00| 0 eng d
100 _aLord, Alex et al
245 _aThe planners' dream goes wrong? questioning citizen-centred planning
260 _c2017
300 _ap.344-363.
362 _aJun
650 _aWorkers participation
650 _aUrban planning
773 _aLocal Government Studies
909 _a115125
999 _c115119
_d115119